Procesos de transferencia de calor

Saved in:
Bibliografiske detaljer
Hovedforfatter: Kern, Donald Quentin (Author)
Format: Bog
Sprog:spansk
Udgivet: Cuernavaca, México Patria 1965
Udgivelse:1a. ed
Fag:
Online adgang:Disponible Online
Tags: Tilføj Tag
Ingen Tags, Vær først til at tagge denne postø!

MARC

LEADER 00000cam a2200000 a 4500
001 UCF2631
003 CL-VaPUC
005 20230801172010.0
008 120830e19650000MX |||||||||||||||||spa|d
999 |c 349172  |d 349170 
020 |a 9789682610400 
040 |c Pontificia Universidad Católica de Valparaíso 
082 0 4 |a 660.284 KER 1965  |2 21 
100 |a Kern, Donald Quentin  |e author  |9 297909 
245 1 0 |a Procesos de transferencia de calor 
250 |a 1a. ed 
260 |a Cuernavaca, México   |b Patria  |c 1965 
300 |a 980 páginas  
583 |a last modification  |c 20120830 10:25:00  |k Rodrigo Vera 
650 0 |a Calor  |9 260253  |x Transmisión 
856 |u http://bibliografiadigital.pucv.cl.pucv.idm.oclc.org/index.php/bibliotecapucv/catalog/book/200  |y Disponible Online  
942 |c BK  |2 ddc 
945 |d 20120830 00:00:00  |a dcastane 
952 |0 0  |1 0  |4 0  |6 660_284000000000000_KER_1965  |7 0  |8 A  |9 451652  |a BIBMEC  |b BIBMEC  |d 2019-11-22  |i 4884817  |l 1  |o 660.284 KER 1965  |p 4884817  |r 2024-01-19  |s 2023-06-22  |w 2019-11-22  |y BK  |k MEC 
952 |0 0  |1 0  |4 0  |6 660_284000000000000_KER_1965  |7 0  |8 A  |9 451653  |a BIBMEC  |b BIBMEC  |d 2019-11-22  |i 4884825  |o 660.284 KER 1965  |p 4884825  |r 2024-01-19  |w 2019-11-22  |y BK  |k MEC 
952 |0 0  |1 0  |3 erb  |4 0  |6 660_284000000000000_KER_1965  |7 0  |8 A  |9 451654  |a BIBALI  |b BIBALI  |c GEN  |d 2019-11-22  |i 5000904  |o 660.284 KER 1965  |p 5000904  |r 2025-01-20  |w 2019-11-22  |y BK  |z Catalogado en:20130829  |k ALI